000 00728nam a2200217 a 4500
001 000016847
003 DO-SdBNP
005 20250710141410.0
008 100310s1980 dr d 000 0 spa d
040 _aDO-SdBNP
_bspa
_cBNPHU
049 _aBNPD
082 _a512
_bG463a
100 1 _aGil Marmolejos, Mara Dolores de
_937304
245 1 0 _aÁlgebra para el 1er. curso del bachillerato tradicional y 3ro. de la reforma /
_cMara Dolores Gil de Marmolejos.
260 _aLa Vega, República Dominicana :
_bAmigo del Hogar,
_c1980.
300 _a159 p. :
_bdiagr. ;
_c22 cm.
504 _aBibliografía : p. 157
650 0 _aÁlgebra
_xProblemas, ejercicios, etc.
_925976
650 0 _aMatemáticas
_91258
942 _2ddc
_cLBS1
999 _c16379
_d16379